000 00968nam a2200277 i 4500
003 EG-GICUC
005 20260421114520.0
008 260421s fre||||fr|||| 00| 0 fre d
040 _aEG-GiCUC
_bfre
_cEG-GiCUC
_dEG-GiCUC
_eRda
082 0 4 _221
_a343
_bLE.D
092 0 4 _221
099 _aLaw1 10 343 LE.D 1966
100 1 _aLemontey, Jacques .
245 _aDu Role De L'autorité Judiciaire Dans La Procédure D'extradition Passive /
_cJacques Lemontey.
264 _aParis :
_bLibrairie Générale De Droit Et De Jurisprudence,
_c1966.
300 _a253 page :
_c 24 cm.
336 _2rda contenu
_a texte
337 _2rda medias
_aOrdinateur
338 _2 transporteur rda
_a Ressource en ligne
504 _aComprend des références bibliographiques et un index.
650 1 _aSciences Criminelles
_2qrmak
651 1 _2qrmak
856 4 0 _uhttps://fll.law.cu.edu.eg/fulltext/bks/B10-10069.pdf
905 _a168
_eEman
942 _2ddc
_cBK
_e21
_n0
999 _c72535
_d72535